000 00567nam a2200181 4500
001 114043
003 ES-MaACL
005 20230906190050.0
007 t|
008 061121s1963 sp r ||||1| spa d
100 1 _aPaloczi-Horvath, George.
_988659
245 1 0 _aMao Tse-Tung /
_cGeorge Paloczi-Horvath ; traducción: Juan José Permanyer.
250 _a1ª ed.
260 _aBarcelona [etc.] :
_bNoguer,
_c1963.
300 _a432 p., 8 lám. ;
_c22 cm.
700 1 _aPermanyer y Ayats, Juan José (
_d1848-1919)
_9131031
852 _aES-MaACL
_jC-24495
_bR.42343
999 _c114043
_d114043